<?xml version="1.0" encoding="UTF-8"?><marc:collection xmlns:marc="http://www.loc.gov/MARC21/slim">
  <marc:record>
    <marc:leader>00000nam##2200000za#4500</marc:leader>
    <marc:controlfield tag="001">9.624759</marc:controlfield>
    <marc:controlfield tag="003">CaOODSP</marc:controlfield>
    <marc:controlfield tag="005">20250403105233</marc:controlfield>
    <marc:controlfield tag="007">ta</marc:controlfield>
    <marc:controlfield tag="008">150406|1998||||xxc|||||     f|0| 0 fre|d</marc:controlfield>
    <marc:datafield tag="020" ind1=" " ind2=" ">
      <marc:subfield code="a">0-660-95999-2</marc:subfield>
    </marc:datafield>
    <marc:datafield tag="022" ind1=" " ind2=" ">
      <marc:subfield code="a">1200-5231</marc:subfield>
    </marc:datafield>
    <marc:datafield tag="040" ind1=" " ind2=" ">
      <marc:subfield code="a">CaOODSP</marc:subfield>
      <marc:subfield code="b">fre</marc:subfield>
    </marc:datafield>
    <marc:datafield tag="043" ind1=" " ind2=" ">
      <marc:subfield code="a">n-cn---</marc:subfield>
    </marc:datafield>
    <marc:datafield tag="086" ind1="1" ind2=" ">
      <marc:subfield code="a">CS11-0019/114F</marc:subfield>
    </marc:datafield>
    <marc:datafield tag="245" ind1="0" ind2="0">
      <marc:subfield code="a">Canadiens nés à l'étranger et Canadiens de naissance : </marc:subfield>
      <marc:subfield code="b">une comparaison de la mobilité interprovinciale de leur main-d'oeuvre / </marc:subfield>
      <marc:subfield code="c">par Zhengxi Lin. </marc:subfield>
    </marc:datafield>
    <marc:datafield tag="260" ind1=" " ind2=" ">
      <marc:subfield code="a">Ottawa - Ontario : </marc:subfield>
      <marc:subfield code="b">Statistique Canada </marc:subfield>
      <marc:subfield code="c">1998.</marc:subfield>
    </marc:datafield>
    <marc:datafield tag="300" ind1=" " ind2=" ">
      <marc:subfield code="a">36p. : </marc:subfield>
      <marc:subfield code="b">graphiques, références, tableaux ; </marc:subfield>
      <marc:subfield code="c">28 cm.</marc:subfield>
    </marc:datafield>
    <marc:datafield tag="490" ind1="1" ind2=" ">
      <marc:subfield code="a">Documents de recherche</marc:subfield>
      <marc:subfield code="x">1200-5231</marc:subfield>
      <marc:subfield code="v">N° 114</marc:subfield>
    </marc:datafield>
    <marc:datafield tag="500" ind1=" " ind2=" ">
      <marc:subfield code="a">«Les questions abordées sont les suivantes: les immigrants changent-ils de province plus souvent ou moins souvent que les Canadiens de naissance? Les scénarios de départ et d'établissement de leur migration interprovinciale diffèrent-ils de ceux des Canadiens nés au pays? Quels motifs sous-tendent leur réinstallation dans d'autres provinces par rapport à ceux des Canadiens de naissance? Quel est le rendement économique de leur mobilité interprovinciale par rapport à celui des Canadiens nés au pays? Quels facteurs influencent leur décision de changer de province comparativement à ceux de leurs homologues nés au Canada?»--Page 1.</marc:subfield>
    </marc:datafield>
    <marc:datafield tag="520" ind1="3" ind2=" ">
      <marc:subfield code="a">Les questions abordées sont les suivantes: les immigrants changent-ils de province plus souvent ou moins souvent que les Canadiens de naissance? Les scénarios de départ et d'établissement de leur migration interprovinciale diffèrent-ils de ceux des Canadiens nés au pays? Quels motifs sous-tendent leur réinstallation dans d'autres provinces par rapport à ceux des Canadiens de naissance? Quel est le rendement économique de leur mobilité interprovinciale par rapport à celui des Canadiens nés au pays? Quels facteurs influencent leur décision de changer de province comparativement à ceux de leurs homologues nés au Canada?--Page 1</marc:subfield>
    </marc:datafield>
    <marc:datafield tag="563" ind1=" " ind2=" ">
      <marc:subfield code="a">Couverture souple</marc:subfield>
    </marc:datafield>
    <marc:datafield tag="590" ind1=" " ind2=" ">
      <marc:subfield code="a">98-43</marc:subfield>
      <marc:subfield code="b">1998-10-23</marc:subfield>
    </marc:datafield>
    <marc:datafield tag="691" ind1="0" ind2="7">
      <marc:subfield code="a">Immigrant</marc:subfield>
      <marc:subfield code="2">gcpds</marc:subfield>
    </marc:datafield>
    <marc:datafield tag="691" ind1="0" ind2="7">
      <marc:subfield code="a">Migration interne</marc:subfield>
      <marc:subfield code="2">gcpds</marc:subfield>
    </marc:datafield>
    <marc:datafield tag="710" ind1="2" ind2=" ">
      <marc:subfield code="a">Statistique Canada.</marc:subfield>
    </marc:datafield>
    <marc:datafield tag="720" ind1="1" ind2=" ">
      <marc:subfield code="a">Lin, Zhengxi</marc:subfield>
    </marc:datafield>
    <marc:datafield tag="775" ind1="0" ind2="8">
      <marc:subfield code="t">Foreign-born vs native-born Canadians : </marc:subfield>
      <marc:subfield code="w">(CaOODSP)9.614412</marc:subfield>
    </marc:datafield>
    <marc:datafield tag="776" ind1="0" ind2="#">
      <marc:subfield code="t">Canadiens nés à l'étranger et Canadiens de naissance : </marc:subfield>
      <marc:subfield code="w">(CaOODSP)9.604342</marc:subfield>
    </marc:datafield>
    <marc:datafield tag="830" ind1="#" ind2="0">
      <marc:subfield code="a">Documents de recherche,</marc:subfield>
      <marc:subfield code="x">1200-5231</marc:subfield>
      <marc:subfield code="v">N° 114</marc:subfield>
      <marc:subfield code="w">(CaOODSP)9.512877</marc:subfield>
    </marc:datafield>
  </marc:record>
</marc:collection>
